000 00439cam a2200181ua 4500
020 _c18.00
041 _aeng
_h
082 _a380.13
_bNAT/RE
100 _aMatu, W R .
245 _aRegulation of forward marketing /
_cW R Matu.
_hTextual Documents
250 _a1 /
_b.
260 _aMumbai :
_bAsia Publishing House ,
_c1962.
300 _a280 ; .
365 _a18.00
504 _a
942 _cBK
999 _c11798
_d11798